Top 10 Best Selling Jerseys Of 2023 - Statistics

General Stats
  • This quiz has been taken 26 times
  • The average score is 8 of 10
Answer Stats
# Team Player % Correct
99 Yankees Aaron Judge
100%
23 Padres Fernando Tatis Jr.
92%
27 Astros Jose Altuve
92%
17 Angels Shohei Ohtani
92%
50 Dodgers Mookie Betts
85%
13 Braves Ronald Acuna Jr.
85%
27 Angels Mike Trout
81%
44 Mariners Julio Rodriguez
69%
2 Astros Alex Bregman
58%
28 Braves Matt Olson
50%
No matching quizzes found
Score Distribution
Percent of People with Each Score
Percentile by Number Answered
Your Score History
You have not taken this quiz